000 00552nmm a2200169Ia 4500
008 251105s9999||||xx |||||||||||||||||und||
020 _a8479086505
041 _aspa
100 _aArráez Llobregat, J. L.
245 0 _aFilosofía y vanguardia en la obra literaria de J. M. G. Le Clézio
264 _a[Madrid, España] :
_bPublicaciones de la Universidad de Alicante,
_c2001
300 _a200 páginas
490 _aLiteratura
650 _aFrench Literature and language
856 _uhttps://public.digitaliapublishing.com/a/651
942 _cCF
999 _c73569
_d73569